[Event "I Weekend A"]
[Site "Novara ITA"]
[Date "2011.11.05"]
[Round "2"]
[White "Sbarra, Marco"]
[Black "Inkiov, Ventzislav V."]
[Result "1/2-1/2"]
[WhiteElo "2245"]
[BlackElo "2456"]
[PlyCount "153"]
[EventDate "2011.11.04"]

1. d4 Nf6 2. c4 e6 3. Nc3 Bb4 4. Qc2 O-O 5. a3 Bxc3+ 6. Qxc3 b6 7. Bg5 Bb7 8.
e3 c5 9. dxc5 bxc5 10. Bxf6 Qxf6 11. Qxf6 gxf6 12. O-O-O Rd8 13. Ne2 Nc6 14.
Nc3 Na5 15. Be2 Kf8 16. f3 Ke7 17. Kc2 Ba6 18. b4 cxb4 19. axb4 Nxc4 20. Kb3 d5
21. Rd4 Bb7 22. Bxc4 dxc4+ 23. Rxc4 Rd7 24. Ra1 f5 25. Rd4 Rxd4 26. exd4 a6 27.
b5 Rb8 28. Ra5 Bc8 29. Kc2 Rb6 30. f4 Rd6 31. d5 axb5 32. Rxb5 Ba6 33. Rc5 Rd7
34. g3 Bb7 35. dxe6 fxe6 36. Ra5 h5 37. Ra1 Kf6 38. Rd1 Rc7 39. Rd8 h4 40. Rf8+
Kg7 41. Re8 hxg3 42. hxg3 Bc8 43. Rd8 Ba6 44. Rd6 Bc4 45. Rd1 Kf6 46. Kd2 Rg7
47. Rg1 Rd7+ 48. Kc2 Rd3 49. Nd1 Rf3 50. Kd2 Ba6 51. Ne3 Rf2+ 52. Kc3 Re2 53.
Nc4 Bxc4 54. Kxc4 Rd2 55. Kc3 Rd6 56. Re1 Kg6 57. Rh1 Ra6 58. Kd4 Ra3 59. Rh3
Kf6 60. Rh6+ Ke7 61. Rh7+ Kd6 62. Rg7 Rf3 63. Rg6 Rf1 64. Rg7 Ra1 65. Rg6 Ra4+
66. Ke3 Kd5 67. Kf3 Ra3+ 68. Kf2 Rb3 69. Ke2 Rb6 70. Kd3 Ra6 71. Ke3 Ra4 72.
Kf3 Rb4 73. Ke3 Re4+ 74. Kf3 Rc4 75. Ke3 Rc6 76. Kd3 Rb6 77. Ke3 1/2-1/2

[Event "I Weekend A"]
[Site "Novara ITA"]
[Date "2011.11.05"]
[Round "2"]
[White "Topczewski, Damian"]
[Black "Di Lascio, Savino"]
[Result "1-0"]
[WhiteElo "2214"]
[BlackElo "2015"]
[PlyCount "73"]
[EventDate "2011.11.04"]

1. e4 c6 2. d4 d5 3. f3 g6 4. Nc3 Bg7 5. Be3 e6 6. Qd2 b6 7. Nge2 a5 8. g4 h5
9. O-O-O hxg4 10. fxg4 Ba6 11. g5 Ne7 12. Bg2 dxe4 13. Bxe4 Nd5 14. Nxd5 cxd5
15. Bd3 Bxd3 16. Qxd3 Nd7 17. Nc3 Rh3 18. Qe2 Qc7 19. Nxd5 Qc6 20. Nf4 Rh7 21.
d5 Qa4 22. dxe6 fxe6 23. Kb1 Rc8 24. Bc1 e5 25. Nd5 Rh4 26. Nc3 Qb4 27. Nd5 Qc5
28. Rhf1 e4 29. Be3 Qc6 30. Qf2 Ne5 31. Nxb6 Nf3 32. Nxc8 Rxh2 33. Nd6+ Ke7 34.
Qxh2 Nxh2 35. Rf7+ Ke6 36. Rxg7 Ng4 37. Rxg6+ 1-0

[Event "I Weekend A"]
[Site "Novara ITA"]
[Date "2011.11.05"]
[Round "3"]
[White "Aghayev, Miragha"]
[Black "Salvador, Roland"]
[Result "0-1"]
[WhiteElo "2141"]
[BlackElo "2500"]
[PlyCount "92"]
[EventDate "2011.11.04"]

1. e4 c6 2. d4 d5 3. Nc3 dxe4 4. Nxe4 Bf5 5. Ng3 Bg6 6. h4 h6 7. Nf3 Nd7 8. h5
Bh7 9. Bd3 Bxd3 10. Qxd3 e6 11. Bd2 Qc7 12. O-O-O Ngf6 13. c4 Bd6 14. Ne4 Bf4
15. Rh4 Bxd2+ 16. Nfxd2 O-O 17. Kb1 Rad8 18. Nxf6+ Nxf6 19. Ne4 Qe7 20. Qe2 b5
21. cxb5 cxb5 22. Qxb5 Nd5 23. Rh3 Rb8 24. Qa5 Nf4 25. Re3 Nxg2 26. Re2 Nf4 27.
Rc2 Nd5 28. Ng3 Rb6 29. Rg1 Rfb8 30. b3 Qb7 31. Qd2 Nb4 32. Rc5 Nxa2 33. Qxa2
Rxb3+ 34. Ka1 Rb2 35. Rc8+ Qxc8 36. Qxb2 Rxb2 37. Kxb2 Qb7+ 38. Kc2 Qf3 39. Rf1
a5 40. Kd2 a4 41. Ne2 Qxh5 42. Ra1 Qa5+ 43. Nc3 a3 44. Kc2 Qf5+ 45. Kb3 Qxf2
46. Rxa3 Qxd4 0-1

[Event "I Weekend A"]
[Site "Novara ITA"]
[Date "2011.11.05"]
[Round "3"]
[White "Bargeri, Ludovico"]
[Black "D'Agostino, Maurizio"]
[Result "1/2-1/2"]
[WhiteElo "1909"]
[BlackElo "2044"]
[PlyCount "67"]
[EventDate "2011.11.04"]

1. d4 d6 2. Nf3 Bg4 3. c4 c6 4. Qb3 Qb6 5. Nbd2 Nd7 6. e4 e5 7. d5 Ngf6 8. Qxb6
axb6 9. b4 Be7 10. Be2 O-O 11. Bb2 b5 12. dxc6 bxc6 13. cxb5 Rfc8 14. bxc6 Rxc6
15. Bd3 Bxf3 16. gxf3 Nb6 17. O-O Nh5 18. Rfc1 Rxc1+ 19. Bxc1 Nf4 20. Bb5 d5
21. Bc6 Ra7 22. Nb3 Ne2+ 23. Kg2 d4 24. Bd2 Nc4 25. Be1 Nf4+ 26. Kf1 Nd3 27. b5
Nxe1 28. Kxe1 Bb4+ 29. Ke2 Bc3 30. Kd3 Nb2+ 31. Kc2 Nc4 32. Kd3 Nb2+ 33. Kc2
Nc4 34. Kd3 1/2-1/2

[Event "I Weekend A"]
[Site "Novara ITA"]
[Date "2011.11.05"]
[Round "3"]
[White "Castrogiovanni, Carlo"]
[Black "Boschetti, Claudio"]
[Result "0-1"]
[WhiteElo "2027"]
[BlackElo "2110"]
[PlyCount "94"]
[EventDate "2011.11.04"]

1. d4 b5 2. e4 Bb7 3. f3 a6 4. Be3 Nf6 5. Bd3 d6 6. Ne2 e5 7. c4 c6 8. O-O Nbd7
9. d5 cxd5 10. cxd5 Nc5 11. Bc2 Be7 12. b4 Ncd7 13. a4 a5 14. axb5 axb4 15. Nd2
O-O 16. Nc4 Qb8 17. Qd2 Rc8 18. Rxa8 Bxa8 19. Qxb4 Bxd5 20. exd5 Nxd5 21. Qb3
Rxc4 22. Qxc4 Nxe3 23. Qc6 Qa7 24. b6 Nxb6 25. Rc1 Nd7 26. Kh1 g6 27. Be4 Nc5
28. Qa8+ Qxa8 29. Bxa8 d5 30. f4 f6 31. Kg1 d4 32. Rb1 d3 33. fxe5 fxe5 34. Nc3
Ne6 35. Kf2 Bc5 36. Kg3 Nf5+ 37. Kh3 Nf4+ 38. Kg4 d2 39. Nd5 Nd3 40. Kg5 Kf7
41. Nc3 h5 42. Rb7+ Be7+ 43. Rxe7+ Nxe7 44. Nd1 Nc5 45. Bf3 e4 46. Be2 Ne6+ 47.
Kh4 Nf5+ 0-1

[Event "I Weekend A"]
[Site "Novara ITA"]
[Date "2011.11.05"]
[Round "3"]
[White "Cereda, Loris"]
[Black "Ranieri, Fabrizio"]
[Result "1/2-1/2"]
[WhiteElo "2206"]
[BlackElo "2282"]
[PlyCount "49"]
[EventDate "2011.11.04"]

1. e4 e6 2. d4 d5 3. exd5 exd5 4. Nf3 Bg4 5. h3 Bh5 6. Qe2+ Qe7 7. Be3 Nc6 8.
Nc3 O-O-O 9. O-O-O h6 10. g4 Bg6 11. Qb5 a6 12. Qa4 Qb4 13. Ne5 Qxa4 14. Nxa4
Nxe5 15. dxe5 Be4 16. Rg1 f6 17. Bd4 fxe5 18. Bxe5 Ne7 19. Nc3 Nc6 20. Bg3 Bc5
21. Bd3 Bxd3 22. Rxd3 Rhf8 23. Nxd5 Bxf2 24. Bxf2 Rxf2 25. Re1 1/2-1/2

[Event "I Weekend A"]
[Site "Novara ITA"]
[Date "2011.11.05"]
[Round "3"]
[White "Di Lascio, Savino"]
[Black "Fusco, Roberto"]
[Result "1-0"]
[WhiteElo "2015"]
[BlackElo "1799"]
[PlyCount "41"]
[EventDate "2011.11.04"]

1. Nf3 f5 2. e4 fxe4 3. Ng5 Nf6 4. d3 e3 5. Bxe3 d5 6. d4 Bf5 7. h4 e6 8. Be2
h6 9. Nh3 Bxh3 10. Bh5+ Nxh5 11. Qxh5+ Kd7 12. Rxh3 Bd6 13. Nd2 Nc6 14. c4 dxc4
15. Nxc4 Qe7 16. O-O-O Nb4 17. Qb5+ Kc8 18. a3 Nd5 19. Bd2 Rf8 20. Rb3 c6 21.
Nxd6+ 1-0

[Event "I Weekend A"]
[Site "Novara ITA"]
[Date "2011.11.05"]
[Round "3"]
[White "Esposito, Luca"]
[Black "Bisi, Samuele"]
[Result "1/2-1/2"]
[WhiteElo "2234"]
[BlackElo "2026"]
[PlyCount "73"]
[EventDate "2011.11.04"]

1. d4 Nf6 2. c4 e6 3. g3 c5 4. d5 b5 5. dxe6 fxe6 6. Bg2 d5 7. cxb5 Bd6 8. Bg5
Nbd7 9. Nc3 Rb8 10. e3 h6 11. Bxf6 Nxf6 12. Nge2 O-O 13. O-O a6 14. a4 Kh8 15.
Qc2 Qe8 16. Nf4 Bxf4 17. exf4 Qh5 18. Rae1 d4 19. Ne4 Nxe4 20. Rxe4 Rf5 21.
bxa6 Bxa6 22. Rfe1 Bb7 23. Rxe6 Bxg2 24. Kxg2 Rxf4 25. Qe2 Qd5+ 26. Kg1 d3 27.
Qe5 Qxe5 28. R6xe5 Rc4 29. Rd5 Rxb2 30. Rxd3 Rxa4 31. Rc1 c4 32. Rf3 g5 33. Rf7
Kg8 34. Rc7 Raa2 35. Rf1 Rc2 36. h3 Ra8 37. Re1 1/2-1/2

[Event "I Weekend A"]
[Site "Novara ITA"]
[Date "2011.11.05"]
[Round "3"]
[White "Faraoni, Enrico"]
[Black "Radice, Luca"]
[Result "1-0"]
[WhiteElo "2109"]
[BlackElo "1969"]
[PlyCount "55"]
[EventDate "2011.11.04"]

1. e4 e6 2. d4 d5 3. Bd3 Nf6 4. e5 Nfd7 5. Nf3 c5 6. c3 Nc6 7. O-O cxd4 8. cxd4
Be7 9. Nc3 O-O 10. Bf4 f5 11. h4 Bxh4 12. Qd2 Be7 13. g3 Nb6 14. Kg2 Bd7 15.
Rh1 Be8 16. Nb5 Nc4 17. Qc1 N6xe5 18. Bxe5 Bxb5 19. Bxg7 Rf7 20. Be5 Rc8 21.
Qh6 Bd7 22. Qg6+ Kf8 23. Rxh7 Rxh7 24. Qxh7 Bf6 25. Bxc4 Rxc4 26. Bd6+ Be7 27.
Qh8+ Kf7 28. Ne5# 1-0

[Event "I Weekend A"]
[Site "Novara ITA"]
[Date "2011.11.05"]
[Round "3"]
[White "Fronzi, Ettore"]
[Black "Finocchiaro, Gianluca"]
[Result "0-1"]
[WhiteElo "1946"]
[BlackElo "2077"]
[PlyCount "70"]
[EventDate "2011.11.04"]

1. d4 Nf6 2. c4 c5 3. d5 b5 4. cxb5 a6 5. bxa6 Bxa6 6. Nc3 d6 7. g3 g6 8. Bg2
Bg7 9. Nf3 O-O 10. O-O Nbd7 11. h3 Qa5 12. Qc2 Rfb8 13. Nd2 c4 14. Ndb1 Nc5 15.
Na3 Ra7 16. Nd1 Rc7 17. Bd2 Qb6 18. Rb1 Qb7 19. Ne3 Rbc8 20. Rfc1 Ncd7 21. Qd1
Nb6 22. Bc3 Nbd7 23. Rc2 Qa7 24. Bd4 Qa8 25. Rbc1 Bh6 26. f4 Qb8 27. Naxc4 Nc5
28. Bxf6 exf6 29. Nxd6 Rd8 30. Ne4 Nxe4 31. Rxc7 Nxg3 32. R1c2 Nxe2+ 33. Kf2
Bxf4 34. R7c6 Bg3+ 35. Kf1 Qf4+ 0-1

[Event "I Weekend A"]
[Site "Novara ITA"]
[Date "2011.11.05"]
[Round "3"]
[White "Inkiov, Ventzislav V."]
[Black "Topczewski, Damian"]
[Result "1-0"]
[WhiteElo "2456"]
[BlackElo "2214"]
[PlyCount "81"]
[EventDate "2011.11.04"]

1. e4 c5 2. Nf3 g6 3. d4 cxd4 4. Nxd4 Nf6 5. Nc3 Nc6 6. Be2 Bg7 7. Be3 O-O 8.
O-O d6 9. Qd2 Ng4 10. Bxg4 Bxg4 11. Nd5 Re8 12. c4 Bd7 13. b3 Ne5 14. h3 Bc6
15. Rad1 Nd7 16. Bg5 Nc5 17. Rfe1 Bxd4 18. Qxd4 Ne6 19. Bxe7 Rxe7 20. Nf6+ Kg7
21. Qb2 Rc7 22. Ng4+ f6 23. e5 dxe5 24. Rxd8 Rxd8 25. Nxf6 Nd4 26. Ng4 e4 27.
Ne5 Re7 28. Nf3 exf3 29. Rxe7+ Kf8 30. Re3 fxg2 31. f3 Bxf3 32. Qa3+ Kg8 33.
Rxf3 Nxf3+ 34. Kxg2 Nh4+ 35. Kf2 Rf8+ 36. Ke2 Re8+ 37. Kd3 a6 38. Qd6 Re3+ 39.
Kd2 Nf5 40. Qb8+ Kg7 41. Qxb7+ 1-0

[Event "I Weekend A"]
[Site "Novara ITA"]
[Date "2011.11.05"]
[Round "3"]
[White "Moroni, Luca jr"]
[Black "Naumkin, Igor"]
[Result "0-1"]
[WhiteElo "2030"]
[BlackElo "2432"]
[PlyCount "66"]
[EventDate "2011.11.04"]

1. e4 e6 2. d4 d5 3. e5 c5 4. c3 Nc6 5. Nf3 Qb6 6. a3 c4 7. Nbd2 Na5 8. g3 Bd7
9. h4 O-O-O 10. Bh3 f5 11. Ng5 Nh6 12. f4 Be7 13. Kf2 Rdf8 14. Rb1 Nf7 15. Nxf7
Rxf7 16. Nf1 Bxa3 17. b4 Bxc1 18. Qxc1 Nb3 19. Qa3 h6 20. h5 g5 21. hxg6 Rg7
22. Bg2 Rxg6 23. Bf3 a6 24. Bh5 Rg7 25. Bd1 Bb5 26. Bxb3 cxb3 27. Nd2 Kb8 28.
Nxb3 h5 29. Rh4 Qd8 30. Rbh1 Rhg8 31. R1h3 Rxg3 32. Rxh5 Rg2+ 33. Ke1 Re2+ 0-1

[Event "I Weekend A"]
[Site "Novara ITA"]
[Date "2011.11.05"]
[Round "3"]
[White "Petrone, Gianmario"]
[Black "Bonade', Massimo"]
[Result "0-1"]
[WhiteElo "1937"]
[BlackElo "2074"]
[PlyCount "72"]
[EventDate "2011.11.04"]

1. e4 c5 2. Nf3 d6 3. d4 cxd4 4. Nxd4 Nf6 5. Nc3 a6 6. Bg5 e6 7. f4 Be7 8. Qf3
Qc7 9. O-O-O Nbd7 10. g4 b5 11. Bxf6 Bxf6 12. g5 Bxd4 13. Rxd4 Bb7 14. a3 Rc8
15. Rd2 O-O 16. Bd3 Nb6 17. Rhd1 Qc5 18. Qh3 b4 19. axb4 Qxb4 20. Na2 Qa5 21.
Kb1 Nc4 22. Bxc4 Rxc4 23. b3 Rxe4 24. Rxd6 Rxf4 25. g6 hxg6 26. R6d4 Qf5 27.
Qc3 Rf3 28. Qb4 Bd5 29. Nc3 Rc8 30. Nxd5 Qxc2+ 31. Ka1 exd5 32. Rxd5 Qc3+ 33.
Qxc3 Rcxc3 34. Rd8+ Kh7 35. R1d4 g5 36. Ra4 Rc2 0-1

[Event "I Weekend A"]
[Site "Novara ITA"]
[Date "2011.11.05"]
[Round "3"]
[White "Sbarra, Marco"]
[Black "Bellia, Fabrizio"]
[Result "1/2-1/2"]
[WhiteElo "2245"]
[BlackElo "2418"]
[PlyCount "109"]
[EventDate "2011.11.04"]

1. d4 d5 2. c4 e6 3. Nc3 Nf6 4. cxd5 exd5 5. Bg5 Be7 6. e3 c6 7. Qc2 O-O 8. Bd3
Nbd7 9. Nf3 Re8 10. O-O Nf8 11. h3 Bd6 12. Rfe1 Be6 13. Ne5 Be7 14. Rab1 a5 15.
a3 N6d7 16. Nxd7 Qxd7 17. Bxe7 Qxe7 18. b4 axb4 19. axb4 Qg5 20. Kh1 Qh4 21.
Kg1 Nd7 22. Ra1 g6 23. Rxa8 Rxa8 24. b5 Qe7 25. bxc6 bxc6 26. Rc1 c5 27. dxc5
Qxc5 28. Nb5 Qxc2 29. Rxc2 Nf6 30. Nd4 Bd7 31. Rc5 Kf8 32. Bc2 Ke7 33. Rc7 Kd6
34. Rb7 h5 35. Rb6+ Ke7 36. Kf1 Ra1+ 37. Rb1 Ra2 38. Bb3 Ra5 39. h4 Ne4 40. Ke1
Kd6 41. Bc2 Ra2 42. Rb7 Nc5 43. Rb6+ Kc7 44. Rb1 Ne4 45. Bb3 Ra5 46. f3 Nf6 47.
Kd2 Kd6 48. Bc2 Ra6 49. Rb2 Ra1 50. Bb1 Ra6 51. Bd3 Ra1 52. Rb6+ Ke7 53. Bb1
Ra3 54. Rb4 Kd6 55. Rb6+ 1/2-1/2

[Event "I Weekend A"]
[Site "Novara ITA"]
[Date "2011.11.05"]
[Round "3"]
[White "Valsecchi, Alessio"]
[Black "Medici, Simone"]
[Result "1-0"]
[WhiteElo "2376"]
[BlackElo "2090"]
[PlyCount "89"]
[EventDate "2011.11.04"]

1. d4 Nf6 2. c4 e6 3. g3 d5 4. Nf3 c5 5. Bg2 cxd4 6. Nxd4 Nc6 7. O-O Qb6 8.
Nxc6 bxc6 9. Nc3 Be7 10. Qc2 O-O 11. Na4 Qa5 12. Bd2 Bb4 13. Bf4 Ba6 14. a3 Be7
15. b4 Qd8 16. Nb2 Rc8 17. Rfd1 Nd7 18. e4 e5 19. Bd2 d4 20. Bh3 Rc7 21. Nd3 f6
22. Rac1 c5 23. bxc5 Bxc5 24. Nxc5 Nxc5 25. Ba5 d3 26. Bxc7 Qxc7 27. Rxd3 Nxd3
28. Qxd3 Rd8 29. Be6+ Kf8 30. Bd5 Rb8 31. Qf3 Bc8 32. c5 Rb2 33. Qc3 Qb8 34.
Qd3 Bh3 35. Bc4 g6 36. Qd5 Kg7 37. Bf1 Bc8 38. Qd8 Rxf2 39. Kxf2 Qb2+ 40. Be2
Qxc1 41. Qxc8 Qh1 42. Qd7+ Kf8 43. Qd8+ Kg7 44. Qe7+ Kh6 45. Qf8+ 1-0

[Event "I Weekend A"]
[Site "Novara ITA"]
[Date "2011.11.06"]
[Round "4"]
[White "Bellia, Fabrizio"]
[Black "Angelini, Marco"]
[Result "1-0"]
[WhiteElo "2418"]
[BlackElo "2173"]
[PlyCount "113"]
[EventDate "2011.11.04"]

1. e4 c5 2. Nf3 d6 3. d4 cxd4 4. Nxd4 Nf6 5. Nc3 a6 6. Be2 e6 7. O-O Nbd7 8. f4
b5 9. Bf3 Bb7 10. a3 Qc7 11. Kh1 Be7 12. Qe1 O-O 13. e5 dxe5 14. fxe5 Ne8 15.
Bf4 Nb6 16. Qg3 Rd8 17. Rad1 Nc4 18. b3 Bxf3 19. Rxf3 Nxa3 20. Rfd3 Kh8 21. h3
Qb7 22. Bg5 b4 23. Ne4 Rd5 24. Bxe7 Qxe7 25. c4 bxc3 26. Nxc3 Rd7 27. Nc6 Rxd3
28. Qxd3 Qc5 29. Nb8 Rg8 30. Nd7 Qc6 31. Ne4 h6 32. Rf1 Qd5 33. Qxd5 exd5 34.
Nec5 Nc7 35. Rxf7 Re8 36. Kg1 Nab5 37. Rf1 Nd4 38. Rd1 Nde6 39. Nxe6 Rxe6 40.
Rc1 Ne8 41. Nf8 Rb6 42. Rc8 Kg8 43. Rxe8 Kf7 44. Ra8 Rxb3 45. Nd7 Rb1+ 46. Kf2
Ke6 47. Nc5+ Kxe5 48. Rxa6 d4 49. Nd3+ Kd5 50. Ra5+ Kc4 51. Ke2 Rg1 52. Rc5+
Kb3 53. Ne1 g5 54. Kd2 Rf1 55. Rc6 h5 56. Rg6 Rf5 57. Nf3 1-0

[Event "I Weekend A"]
[Site "Novara ITA"]
[Date "2011.11.06"]
[Round "4"]
[White "Bisi, Samuele"]
[Black "Faraoni, Enrico"]
[Result "0-1"]
[WhiteElo "2026"]
[BlackElo "2109"]
[PlyCount "56"]
[EventDate "2011.11.04"]

1. d4 f5 2. Nf3 Nf6 3. g3 g6 4. Bg2 Bg7 5. O-O O-O 6. c4 d6 7. Nc3 Nc6 8. d5
Ne5 9. Nxe5 dxe5 10. Qb3 Kh8 11. Rd1 h6 12. Bd2 g5 13. c5 Qe8 14. Be1 Qh5 15.
Nb5 f4 16. Nxc7 e4 17. Ne6 Bxe6 18. dxe6 Qxe2 19. Qxb7 fxg3 20. hxg3 Qh5 21.
Rd7 Rab8 22. Qc6 Ng4 23. Rb1 Qh2+ 24. Kf1 Qxg3 25. Rd2 e3 26. f3 Qf4 27. Re2
Ne5 28. Qd5 g4 0-1

[Event "I Weekend A"]
[Site "Novara ITA"]
[Date "2011.11.06"]
[Round "4"]
[White "Bonade', Massimo"]
[Black "Venturino, Federico"]
[Result "1/2-1/2"]
[WhiteElo "2074"]
[BlackElo "1867"]
[PlyCount "71"]
[EventDate "2011.11.04"]

1. d4 d5 2. c4 e6 3. Nc3 Nf6 4. cxd5 exd5 5. Bg5 Be7 6. Qc2 c6 7. e3 Nbd7 8.
Bd3 O-O 9. Nge2 Re8 10. h3 Nf8 11. O-O-O Ne4 12. Bxe7 Qxe7 13. Bxe4 dxe4 14. g4
f5 15. gxf5 Bxf5 16. Ng3 Bg6 17. h4 h6 18. h5 Bh7 19. Kb1 b5 20. d5 Rac8 21.
dxc6 Rxc6 22. Qb3+ Kh8 23. Qxb5 Rb6 24. Qe2 Reb8 25. Rd2 Bg8 26. Ka1 Qb4 27.
Ngxe4 Bc4 28. Qg4 Ra6 29. Rg1 Ne6 30. Qg3 Qb3 31. a3 Rb7 32. Qe5 Bd3 33. Qd5
Bc4 34. Qe5 Bd3 35. Qd5 Bc4 36. Qe5 1/2-1/2

[Event "I Weekend A"]
[Site "Novara ITA"]
[Date "2011.11.06"]
[Round "4"]
[White "D'Agostino, Maurizio"]
[Black "Esposito, Luca"]
[Result "0-1"]
[WhiteElo "2044"]
[BlackElo "2234"]
[PlyCount "60"]
[EventDate "2011.11.04"]

1. d4 Nf6 2. Nf3 c5 3. e3 e6 4. Bd3 b6 5. Nbd2 Bb7 6. O-O Be7 7. b3 O-O 8. Bb2
Nc6 9. a3 Re8 10. Qe2 Qc7 11. dxc5 bxc5 12. e4 e5 13. Nc4 Bf8 14. Nfd2 Nd4 15.
Bxd4 exd4 16. Qf3 Re6 17. Qh3 Nxe4 18. f3 Nf6 19. g4 g6 20. f4 d5 21. Ne5 Bg7
22. Ndf3 Re7 23. Ng5 Bc8 24. Qg3 Bb7 25. Rae1 Ne4 26. Nxe4 dxe4 27. Bc4 Rf8 28.
Nxf7 Rexf7 29. Bxf7+ Rxf7 30. a4 d3 0-1

[Event "I Weekend A"]
[Site "Novara ITA"]
[Date "2011.11.06"]
[Round "4"]
[White "Finocchiaro, Gianluca"]
[Black "Gagliardi, Christian"]
[Result "1/2-1/2"]
[WhiteElo "2077"]
[BlackElo "2261"]
[PlyCount "23"]
[EventDate "2011.11.04"]

1. d4 Nf6 2. Nc3 d5 3. e4 dxe4 4. f3 exf3 5. Nxf3 e6 6. Bd3 Be7 7. O-O Nbd7 8.
Qe1 Nf8 9. Qg3 Ng6 10. Nb5 Bd6 11. Nxd6+ Qxd6 12. Qf2 1/2-1/2

[Event "I Weekend A"]
[Site "Novara ITA"]
[Date "2011.11.06"]
[Round "4"]
[White "Fusco, Roberto"]
[Black "Fronzi, Ettore"]
[Result "1-0"]
[WhiteElo "1799"]
[BlackElo "1946"]
[PlyCount "114"]
[EventDate "2011.11.04"]

1. d4 e6 2. c4 Nf6 3. Nc3 Bb4 4. Qc2 Nc6 5. Nf3 d6 6. a3 Bxc3+ 7. Qxc3 a5 8. e3
a4 9. Bd3 Qe7 10. e4 e5 11. d5 Nb8 12. c5 O-O 13. cxd6 cxd6 14. Bg5 Na6 15.
Bxa6 bxa6 16. Qa5 Bd7 17. O-O Rfc8 18. Rac1 Bb5 19. Rfe1 h6 20. Bh4 g5 21. Nxg5
hxg5 22. Bxg5 Kg7 23. Rc3 Qd7 24. Rf3 Nh7 25. Qd2 Rg8 26. Bh4 Kh8 27. Rf5 Rg6
28. Re3 Kg7 29. Rg3 Qc7 30. Rh5 Kh8 31. h3 Rc8 32. Rc3 Qd7 33. Rg3 Qc7 34. Rc3
Qd7 35. Rg3 Rxg3 36. Bxg3 Qc7 37. Bh4 Qc1+ 38. Qxc1 Rxc1+ 39. Kh2 Bd7 40. Rh6
f6 41. Bxf6+ Kg8 42. Be7 Kg7 43. Rxd6 Bc8 44. Bh4 Rc7 45. Bg3 Re7 46. Rc6 Re8
47. f3 Bd7 48. Rc7 Nf8 49. Ra7 Kf7 50. Rxa6 Re7 51. Rb6 Be8 52. Be1 Ra7 53. Bc3
Nd7 54. Re6 Rb7 55. Rh6 Kg7 56. Re6 Kf7 57. h4 Rb8 1-0

[Event "I Weekend A"]
[Site "Novara ITA"]
[Date "2011.11.06"]
[Round "4"]
[White "Guzzetti, Luigi Enrico"]
[Black "Castrogiovanni, Carlo"]
[Result "0-1"]
[WhiteElo "1928"]
[BlackElo "2027"]
[PlyCount "86"]
[EventDate "2011.11.04"]

1. e4 c5 2. Nf3 a6 3. d4 cxd4 4. Nxd4 Nf6 5. Nc3 e5 6. Nb3 Bb4 7. Bc4 Qc7 8.
Qd3 b5 9. Bd5 Nxd5 10. exd5 Bxc3+ 11. bxc3 d6 12. O-O O-O 13. a4 Bd7 14. a5 Be8
15. f4 Nd7 16. Ba3 f5 17. fxe5 Nxe5 18. Qd4 Rc8 19. Qb6 Nc4 20. Qxa6 Bd7 21.
Bxd6 Qxd6 22. Qxd6 Nxd6 23. a6 Ne4 24. a7 Ra8 25. Rf3 Rfc8 26. Nd4 g6 27. Ra3
Rc7 28. h4 Rcxa7 29. Rxa7 Rxa7 30. h5 Ra3 31. hxg6 hxg6 32. Ne2 Kg7 33. Kh2 Ra4
34. Nd4 Rc4 35. Ne2 Rc5 36. Rd3 Kf6 37. g3 g5 38. Kg2 Ke5 39. Nd4 Rxc3 40. Nf3+
Kf6 41. Ne1 Rxd3 42. Nxd3 Nc3 43. Nb4 Ke5 0-1

[Event "I Weekend A"]
[Site "Novara ITA"]
[Date "2011.11.06"]
[Round "4"]
[White "Medici, Simone"]
[Black "Di Lascio, Savino"]
[Result "0-1"]
[WhiteElo "2090"]
[BlackElo "2015"]
[PlyCount "72"]
[EventDate "2011.11.04"]

1. d4 Nf6 2. c4 c5 3. d5 b5 4. cxb5 a6 5. bxa6 g6 6. Nc3 d6 7. e4 Bg7 8. Bb5+
Bd7 9. Qd3 O-O 10. a4 Qa5 11. Bd2 Bxb5 12. Nxb5 Qxa6 13. Ne2 Nbd7 14. Bc3 Rfc8
15. O-O c4 16. Qc2 Nc5 17. f3 Bh6 18. Bxf6 exf6 19. Qxc4 Nxa4 20. Qb3 Qb6+ 21.
Kh1 Nc5 22. Qc4 Rab8 23. Nec3 Nd7 24. Qa4 Rc5 25. Qa7 Ne5 26. Qxb6 Rxb6 27.
Ra8+ Kg7 28. Nd4 Rxb2 29. Na4 Rf2 30. Rb1 Rc4 31. Nb3 Be3 32. h3 Rcc2 33. Na1
Ra2 34. Re1 Nxf3 35. Nc3 Rxa8 36. gxf3 Bd4 0-1

[Event "I Weekend A"]
[Site "Novara ITA"]
[Date "2011.11.06"]
[Round "4"]
[White "Monticone, Sonia"]
[Black "Moroni, Luca jr"]
[Result "1-0"]
[WhiteElo "1849"]
[BlackElo "2030"]
[PlyCount "85"]
[EventDate "2011.11.04"]

1. e4 c5 2. Nf3 d6 3. d4 cxd4 4. Nxd4 Nf6 5. Nc3 a6 6. Be3 e6 7. g4 b5 8. a3
Bb7 9. Bg2 Be7 10. h4 Nfd7 11. g5 Nb6 12. b3 N8d7 13. f4 Rc8 14. Bd2 Nc5 15.
Qg4 d5 16. f5 dxe4 17. Nce2 e5 18. f6 exd4 19. fxe7 Qxe7 20. Nxd4 Qe5 21. Be3
Nd5 22. Qf5 Qg3+ 23. Bf2 Qxg2 24. O-O-O Nd3+ 25. Kb1 Qxf2 26. Qxe4+ Ne7 27.
Qxb7 Qxd4 28. Rxd3 Qg4 29. Re1 O-O 30. Rxe7 Qxh4 31. Rxf7 Qxg5 32. Rff3 Qg1+
33. Kb2 Qc5 34. Rxf8+ Kxf8 35. Rf3+ Kg8 36. Qf7+ Kh8 37. Rf2 Qc3+ 38. Kb1 h6
39. Qf5 Qc5 40. Qd7 Qc6 41. Rf8+ Rxf8 42. Qxc6 h5 43. Qg6 1-0

[Event "I Weekend A"]
[Site "Novara ITA"]
[Date "2011.11.06"]
[Round "4"]
[White "Ranieri, Fabrizio"]
[Black "Rovedi, Mauro"]
[Result "0-1"]
[WhiteElo "2282"]
[BlackElo "2033"]
[PlyCount "116"]
[EventDate "2011.11.04"]

1. e4 e6 2. d4 d5 3. Nc3 dxe4 4. Nxe4 Bd7 5. Nf3 Bc6 6. Bd3 Nd7 7. O-O Ngf6 8.
Qe2 Be7 9. Neg5 Bxf3 10. Nxf3 O-O 11. c4 c6 12. b3 Qa5 13. Bg5 h6 14. Bf4 Qh5
15. h3 Rfd8 16. Rad1 Nf8 17. Bg3 Bd6 18. Qe3 Qa5 19. Rfe1 Nh5 20. Be5 Qc7 21.
g4 Nf6 22. Bxf6 gxf6 23. Qxh6 Be7 24. Kg2 Qa5 25. Bb1 Rd7 26. g5 f5 27. Ne5
Rxd4 28. g6 fxg6 29. Nxg6 Rxd1 30. Rxd1 Kf7 31. Nh8+ Kg8 32. Ng6 Kf7 33. Nxe7
Kxe7 34. Qg7+ Ke8 35. Qxb7 Rd8 36. Qxc6+ Ke7 37. Qb7+ Kf6 38. Qf3 Ng6 39. Kh1
Rh8 40. Rg1 Qe5 41. Qg3 Rh6 42. Qxe5+ Kxe5 43. Kh2 Kf4 44. Bd3 Kf3 45. c5 Ne5
46. Rg3+ Kxf2 47. Rg2+ Ke3 48. Re2+ Kd4 49. Ba6 Nc6 50. Bb7 e5 51. Rc2 f4 52.
a3 e4 53. b4 Kd3 54. Ra2 e3 55. Ba6+ Ke4 56. b5 Nd4 57. c6 Nf3+ 58. Kg2 Rg6+
0-1

[Event "I Weekend A"]
[Site "Novara ITA"]
[Date "2011.11.06"]
[Round "4"]
[White "Salvador, Roland"]
[Black "Petkov, Vladimir"]
[Result "1/2-1/2"]
[WhiteElo "2500"]
[BlackElo "2542"]
[PlyCount "26"]
[EventDate "2011.11.04"]

1. d4 Nf6 2. Nf3 d5 3. c4 e6 4. cxd5 exd5 5. Nc3 c6 6. Qc2 Be7 7. h3 Na6 8. a3
Nc7 9. Bf4 Ne6 10. Bh2 Bd6 11. Bxd6 Qxd6 12. e3 O-O 13. Be2 Re8 1/2-1/2

[Event "I Weekend A"]
[Site "Novara ITA"]
[Date "2011.11.06"]
[Round "4"]
[White "Topczewski, Damian"]
[Black "Bargeri, Ludovico"]
[Result "1/2-1/2"]
[WhiteElo "2214"]
[BlackElo "1909"]
[PlyCount "54"]
[EventDate "2011.11.04"]

1. e4 e6 2. d4 d5 3. Nd2 Nf6 4. e5 Nfd7 5. Bd3 c5 6. c3 Nc6 7. Ne2 cxd4 8. cxd4
f6 9. exf6 Nxf6 10. O-O Bd6 11. Nf3 Qc7 12. Bg5 O-O 13. Ng3 Ng4 14. Rc1 h6 15.
Bd2 Qe7 16. Bb1 Nxd4 17. Bc3 Nxf3+ 18. gxf3 Ne5 19. Bxe5 Bxe5 20. Qd3 Qf6 21.
Kg2 Bd7 22. Rfe1 Bc6 23. Re2 d4 24. Qh7+ Kf7 25. Ne4 Bxe4 26. Qxe4 Qg5+ 27. Qg4
Qxg4+ 1/2-1/2